| 000 -LEADER | |
|---|---|
| fixed length control field | 00291nam a22001217a 4500 |
| 005 - DATE AND TIME OF LATEST TRANSACTION | |
| control field | 20170628110904.0 |
| 008 - FIXED-LENGTH DATA ELEMENTS--GENERAL INFORMATION | |
| fixed length control field | 170628b xxu||||| |||| 00| 0 eng d |
| 022 ## - INTERNATIONAL STANDARD SERIAL NUMBER | |
| ISSN | 0022-4456 |
| 245 ## - TITLE STATEMENT | |
| Title | Journal of Scientific & Industrial Research |
| 260 ## - PUBLICATION, DISTRIBUTION, ETC. (IMPRINT) | |
| Name of publisher | Niscair |
| Year of publication | Delhi |
| 300 ## - PHYSICAL DESCRIPTION | |
| Number of Pages | 70 |
| 942 ## - ADDED ENTRY ELEMENTS (KOHA) | |
| Koha item type | Journals/Serial |
| Lost status | Damaged status | Home library | Current library | Date acquired | Source of acquisition | Cost, normal purchase price | Accession Number | Koha item type |
|---|---|---|---|---|---|---|---|---|
| JRU Library | 28/06/2017 | Purchase | 3500.00 | JSIRAC0001 | Journals/Serial | |||
| JRU Library | 28/06/2017 | Purchase | 3500.00 | JSIRAC0002 | Journals/Serial | |||
| JRU Library | 28/06/2017 | Purchase | 3500.00 | JSIRAC0003 | Journals/Serial | |||
| JRU Library | 28/06/2017 | Purchase | 3500.00 | JSIRAC0004 | Journals/Serial | |||
| JRU Library | 28/06/2017 | Purchase | 3500.00 | JSIRAC0005 | Journals/Serial |